000 00666nam a2200193 i 4500
001 162023
003 ES-MaACL
005 20250809024233.0
008 981015m18791889xxk |||| | eng d
040 _aCCPB | B
_bspa
_cCCPB | B
100 1 _aPhillimore, Robert
_cSir (
_d1810-1885)
_9131112
245 1 0 _aCommentaires upon international law /
_cby Sir Robert Phillimore.
250 _a3th ed.
260 _aLondon :
_bButterworths,
_c1879-1889 (
_fPrinted by Spottiswoode and Co.)
300 _a3 v. ;
_c23 cm.
650 7 _aDerecho internacional
_2embne
_911717
852 _aES-MaACL
_jG-11330-32
_z-- Enc. tela
_q-- Falta el T. IV
999 _c162023
_d162023